Entry Nombre personal
001 - NÚMERO DE CONTROL
- campo de control: 27717
003 - IDENTIFICADOR DE NÚMERO DE CONTROL
- campo de control: SpMaBN
005 - FECHA Y HORA DE LA ÚLTIMA TRANSACCIÓN
- campo de control: 20230703155219.0
008 - ELEMENTOS DE DATO DE LONGITUD-FIJA
- campo de control de longitud fija: 900725nn azznnaabn a aaa
010 ## - NÚMERO DE CONTROL DE LA BIBLIOTECA DEL CONGRESO
- Número de control de LC: XX1203882
016 ## - NÚMERO DE CONTROL DE UNA AGENCIA BIBLIOGRÁFICA NACIONAL
- Número de control del registro: BNE19970759955
024 7# - IDENTIFICADOR DE OTROS ESTÁNDARES
- Número estándar o código: http://viaf.org/viaf/89730718/
- Fuente: viaf
024 7# - IDENTIFICADOR DE OTROS ESTÁNDARES
- Número estándar o código: https://isni.org/isni/0000000062814596
- Fuente: isni
040 ## - FUENTE DE CATALOGACIÓN
- Centro catalogador/agencia de origen: SpMaBN
- Lengua de catalogación: spa
- Centro/agencia transcriptor: A2
046 ## - FECHAS CON CODIFICACIÓN ESPECIAL
- Fecha de nacimiento: 1888
- Fecha de la muerte: 1951
100 1# - ENCABEZAMIENTO-NOMBRE DE PERSONA
- Nombre de persona: Benlliure y Tuero, Mariano,
- Fechas asociadas al nombre: 1888-1951
373 ## - GRUPO ASOCIADO
- Grupo asociado: Ateneo de Madrid
- Fuente de información: Cargos históricos del Ateneo de Madrid 1835-1936 (Archivo del Ateneo); Listado de socios anteriores a 1 de abril de 1939 (Archivo del Ateneo); Ateneo de Madrid: memoria 1962-1967
375 ## - GÉNERO/SEXO
- Género: Masculino
400 1# - TRAZADO DE VÉASE--NOMBRE DE PERSONA
- Nombre de persona: Benlliure Tuero, Mariano,
- Fechas asociadas al nombre: 1888-1951
670 ## - FUENTE DE DATOS ENCONTRADOS
- Cita de la fuente: El ansia de inmortalidad, 1934
- Información encontrada: port. (Mariano Benlliure y Tuero)
670 ## - FUENTE DE DATOS ENCONTRADOS
- Cita de la fuente: Sáinz de Robles, F. Ensayo de un diccionario de escritores...
- Información encontrada: (Benlliure y Tuero, Mariano; n. 1888, Roma; literato y periodista, hijo del escultor Mariano Benlliure)
670 ## - FUENTE DE DATOS ENCONTRADOS
- Cita de la fuente: WWW ABC, Hemeroteca, 9-3-2015
- Información encontrada: ABC del 4-3-1952 (Mariano Benlliure y Tuero, escritor; m. 19-3-1951, Francia, a los 62 años de edad)
- Identificador Uniforme de Recursos: http://hemeroteca.abc.es/nav/Navigate.exe/hemeroteca/madrid/ab c/1952/03/04/039.html
670 ## - FUENTE DE DATOS ENCONTRADOS
- Cita de la fuente: WWW BN España aut., 29/06/2023
- Información encontrada: (Benlliure y Tuero, Mariano, 1888-1951)
678 ## - DATOS BIOGRÁFICOS O HISTÓRICOS
- Datos biográficos o históricos: Socio del Ateneo de Madrid n. 8316. Secretario cuarto de la Sección de Literatura en 1907-08. Secretario tercero de la Sección de Filosofía en 1918-19
- Ampliación de la nota: Fuentes: Cargos históricos del Ateneo de Madrid 1835-1936 (Archivo del Ateneo); Listado de socios anteriores a 1 de abril de 1939 (Archivo del Ateneo); Ateneo de Madrid: memoria 1962-1967
